[Event "Summer Series, S50291"]
[Site "CCLA"]
[Date "2015.07.25"]
[Round "?"]
[White "Jarmuz, Frederick"]
[Black "Abbey, William"]
[Result "0-1"]
[WhiteElo "1945"]
[BlackElo "1957"]

1. d4 Nf6 2. c4 g6 3. Nc3 Bg7 4. e4 d6 5. Nf3 O-O 6. Be2 e5 7. dxe5 dxe5 
8. Qxd8 Rxd8 9. Bg5 Be6 10. Nxe5 h6 11. Bh4 g5 12. Bg3 Na6 13. Rd1 c6 14. 
f4 Rxd1+ 15. Kxd1 Nc5 16. f5 Rd8+ 17. Kc1 Bc8 18. Bf3 Re8 19. Rd1 h5 20. 
h3 h4 21. Bh2 Nfxe4 22. Nxe4 Nxe4 23. Bxe4 Bxe5 24. Bxe5 Rxe5 25. Rd8+ Kg7
26. Bxc6 bxc6 27. f6+ Kg6 28. Rg8+ Kxf6 29. Rxc8 Re1+ 30. Kd2 Rg1 31. 
Rxc6+ Ke5 32. Ke3 Rxg2 33. Rc5+ Kf6 34. Ra5 Rg3+ 35. Ke4 Rxh3 36. Ra6+ Kg7
37. Rxa7 Rg3 38. Rd7 h3 39. Rd1 Rg2 40. Rh1 g4 41. c5 h2 0-1

[Event "2015 NA Class A Ch Finals, S50179"]
[Site "CCLA"]
[Date "2015.04.27"]
[Round "?"]
[White "Kleine, Larry"]
[Black "Shannon, Paul D."]
[Result "0-1"]
[WhiteElo "1767"]
[BlackElo "1815"]

1. d4 Nf6 2. c4 g6 3. Nc3 Bg7 4. e4 d6 5. Nf3 O-O 6. Be2 e5 7. d5 a5 8. 
Bg5 h6 9. Bh4 Na6 10. Nd2 Qe8 11. O-O Nh7 12. a3 Bd7 13. Kh1 h5 14. f3 Bh6
15. b3 Be3 16. Qc2 f5 17. exf5 gxf5 18. Bf2 Bh6 19. Rab1 Qg6 20. b4 axb4 
21. axb4 Nf6 22. c5 Qg5 23. Nc4 Ne8 24. cxd6 cxd6 25. Nb6 Rd8 26. Nxd7 
Rxd7 27. Bb6 Rg7 28. Bxa6 bxa6 29. Rb2 Qe7 30. Qd3 Qb7 31. Ba5 Nc7 32. b5 
Nxb5 33. Nxb5 axb5 34. Rfb1 Qe7 35. Bc3 Qh4 36. Be1 Qc4 37. Qxc4 bxc4 38. 
Rc2 Rc8 39. Rb4 Ra7 0-1

[Event "Winter Series, S50031"]
[Site "CCLA"]
[Date "2015.01.28"]
[Round "?"]
[White "Jarmuz, Frederick"]
[Black "Blankenship, Jerry T."]
[Result "1-0"]
[WhiteElo "1945"]
[BlackElo "1564"]

1. d4 Nf6 2. c4 g6 3. Nc3 d6 4. e4 Bg7 5. Nf3 O-O 6. Be2 e5 7. O-O exd4 8.
 Nxd4 Nc6 9. Be3 Qe7 10. f3 Nxd4 11. Bxd4 c6 12. Qd2 Be6 13. Rad1 Rfd8 14.
 b3 b6 15. Qg5 Nd5 16. Qxe7 Nxe7 17. Bxg7 Kxg7 18. Rd2 d5 19. Rfd1 Rac8 
20. Kf2 Rc7 21. f4 Rcd7 22. cxd5 cxd5 23. Bb5 Rc7 24. Nxd5 Bxd5 25. exd5 
Rd6 26. Bc4 h5 27. g3 f5 28. Re1 Ng8 29. Re6 Rxe6 30. dxe6 Nf6 31. Ke3 Re7
32. a4 1-0

[Event "PREMIER QUAD, S50209"]
[Site "CCLA"]
[Date "2015.05.01"]
[Round "?"]
[White "Disque, Philip"]
[Black "Hayward, Clark W."]
[Result "0-1"]
[WhiteElo "1603"]
[BlackElo "1909"]

1. Nf3 Nf6 2. c4 g6 3. Nc3 Bg7 4. e4 d6 5. d4 O-O 6. Be2 Na6 7. O-O e5 8. 
Be3 Ng4 9. Bg5 Qe8 10. c5 exd4 11. Nd5 Be6 12. Be7 Bxd5 13. Bxf8 Kxf8 14. 
exd5 Nxc5 15. Nxd4 Ne3 16. fxe3 Qxe3+ 17. Kh1 Bxd4 18. Rf3 Qe5 19. Qd2 Re8
20. Raf1 Re7 21. Bc4 Bxb2 22. Qf2 Qg7 23. Qh4 f6 24. Qf2 Be5 25. g4 a6 26.
 Bd3 Qg8 27. Qg2 Kg7 28. Rh3 Qe8 29. Bb1 Qb5 30. Rhf3 Bd4 31. Qd2 Qc4 32. 
h4 Qxd5 33. Qd1 Re3 34. Kg2 Ne6 35. Kh1 c5 36. Rf2 Nf4 37. Kh2 Rxf3 38. 
Qxf3 Bxf2 39. Qxf2 Qe5 40. Kg3 Nd3+ 0-1

[Event "2015 Server Team Ch - Div 1, S51999"]
[Site "CCLA"]
[Date "2015.10.30"]
[Round "?"]
[White "Delaney, Alan"]
[Black "Zaas, Donald"]
[Result "0-1"]
[WhiteElo "2182"]
[BlackElo "2262"]
[Board "2"]
[WhiteTeam "SchemingMind B"]
[BlackTeam "Paul Morphy's Hair"]

1. d4 Nf6 2. c4 g6 3. Nc3 Bg7 4. e4 d6 5. Nf3 O-O 6. Be2 Nbd7 7. O-O e5 8.
 Be3 Re8 9. d5 Nh5 10. g3 Bf8 11. Ne1 Ng7 12. Nd3 f5 13. f3 Be7 14. Qd2 
Nf6 15. c5 fxe4 16. fxe4 Ng4 17. Bxg4 Bxg4 18. Nf2 Bc8 19. Rac1 Rf8 20. 
Nb5 dxc5 21. Bxc5 Bxc5 22. Rxc5 c6 23. Nc3 Ne6 24. Rc4 b5 25. Rxc6 Nd4 26.
 Qd1 b4 27. Na4 Nxc6 28. dxc6 Ba6 29. Qb3+ Kh8 30. Rd1 Qf6 31. Ng4 Qg5 32.
 Nf2 Rad8 33. Rxd8 Rxd8 34. Kg2 Qc1 35. Qxb4 Bf1+ 36. Kf3 h5 37. Nc3 Qd2 
38. g4 Qf4# 0-1

[Event "2015 REGULAR QUAD, S50219"]
[Site "CCLA"]
[Date "2015.05.11"]
[Round "?"]
[White "Perry, William E."]
[Black "Klimushyn, Charles"]
[Result "1-0"]
[WhiteElo "1440"]
[BlackElo "1156"]

1. d4 Nf6 2. c4 g6 3. Nc3 Bg7 4. e4 d6 5. Nf3 O-O 6. Be2 e5 7. O-O Nc6 8. 
Be3 Re8 9. dxe5 dxe5 10. h3 Be6 11. Re1 Nh5 12. Qc1 Nd4 13. Rd1 c5 14. Bf1
Qe7 15. Bh6 Nxf3+ 16. gxf3 Qh4 17. Qg5 Qxg5+ 18. Bxg5 1-0

[Event "2015 Server Team Ch - Div 1, S51999"]
[Site "CCLA"]
[Date "2015.10.30"]
[Round "?"]
[White "Smyth, Sandy"]
[Black "Ruthen, Stephen W."]
[Result "1-0"]
[WhiteElo "1945"]
[BlackElo "2083"]
[Board "5"]
[WhiteTeam "BCCA Rooks"]
[BlackTeam "BCCA Kings"]

1. d4 Nf6 2. c4 g6 3. Nc3 Bg7 4. e4 d6 5. Nf3 O-O 6. Be2 e5 7. O-O Nc6 8. 
d5 Ne7 9. b4 Nh5 10. Re1 Kh8 11. Rb1 Ng8 12. c5 f5 13. Bg5 Bf6 14. Bd2 f4 
15. Rc1 Rf7 16. Qb3 Ng7 17. Nb5 a6 18. Na3 g5 19. h3 h5 20. Nc4 Nh6 21. 
cxd6 cxd6 22. Nh2 g4 23. b5 axb5 24. Qxb5 gxh3 25. Nb6 Bd7 26. Qb3 Bh4 27.
 Nxa8 Qxa8 28. gxh3 Qg8 29. Kf1 f3 30. Bxf3 Bxh3+ 31. Ke2 Ng4 32. Rh1 Qd8 
33. Be3 Nxe3 34. fxe3 Bd7 35. Rc2 1-0

[Event "Summer Series, S50311"]
[Site "CCLA"]
[Date "2015.07.25"]
[Round "?"]
[White "Disque, Philip"]
[Black "Blankenship, Jerry T."]
[Result "1-0"]
[WhiteElo "1614"]
[BlackElo "1527"]

1. Nf3 Nf6 2. c4 g6 3. Nc3 Bg7 4. e4 d6 5. d4 O-O 6. Be2 e5 7. O-O Nc6 8. 
d5 Ne7 9. b4 Nh5 10. Re1 f5 11. Ng5 Nf4 12. Bxf4 exf4 13. Rc1 h6 14. Ne6 
Bxe6 15. dxe6 Bxc3 16. Rxc3 fxe4 17. Bg4 h5 18. Bh3 Nf5 19. Rxe4 Qf6 20. 
Rf3 Ne7 21. g3 g5 22. gxf4 g4 23. Rg3 Nf5 24. Rg2 Rae8 25. f3 Nh4 26. Rg3 
Nxf3+ 27. Qxf3 Re7 28. Bf1 Rg7 29. Qc3 Qg6 30. Qd4 h4 31. Rg2 c5 32. bxc5 
dxc5 33. Qe3 Re7 34. f5 Qf6 35. Rexg4+ 1-0

[Event "Premier Quad, S50289"]
[Site "CCLA"]
[Date "2015.07.20"]
[Round "?"]
[White "Disque, Philip"]
[Black "Stevens, Daniel L."]
[Result "0-1"]
[WhiteElo "1614"]
[BlackElo "1779"]

1. Nf3 Nf6 2. c4 g6 3. Nc3 Bg7 4. e4 d6 5. d4 O-O 6. Be2 e5 7. O-O Nc6 8. 
d5 Ne7 9. b4 Nh5 10. Re1 f5 11. Ng5 Nf4 12. Bxf4 exf4 13. Rc1 h6 14. Ne6 
Bxe6 15. dxe6 c6 16. Bf3 Be5 17. Qb3 Qe8 18. c5 g5 19. exf5 Rxf5 20. Bg4 
Rf8 21. Ne4 h5 22. Be2 d5 23. Nxg5 Qg6 24. Nf7 Qxe6 25. Bxh5 Rxf7 26. 
Bxf7+ Kxf7 27. Re2 Rh8 28. Rce1 Ng6 29. Qf3 Qf6 30. g3 Rxh2 31. Qg4 fxg3 
32. Qd7+ Ne7 33. fxg3 Rxe2 34. Rxe2 Qf3 35. Rf2 Bd4 36. Qxb7 Qxf2+ 0-1

[Event "2015 Server Team Ch - Div 1, S51999"]
[Site "CCLA"]
[Date "2015.10.30"]
[Round "?"]
[White "Blake, Michael J."]
[Black "Cooper, Ronald A."]
[Result "1-0"]
[WhiteElo "2190"]
[BlackElo "1982"]
[Board "6"]
[WhiteTeam "Gustafson Winners"]
[BlackTeam "BCCA Rooks"]

1. d4 Nf6 2. c4 g6 3. Nc3 Bg7 4. e4 d6 5. Nf3 O-O 6. Be2 e5 7. O-O Nc6 8. 
d5 Ne7 9. b4 Nh5 10. Re1 f5 11. Ng5 Nf6 12. Bf3 fxe4 13. Ngxe4 Nf5 14. Bg5
h6 15. Bxf6 Bxf6 16. Bg4 a5 17. a3 Bd7 18. Qd3 Kg7 19. Rab1 axb4 20. axb4 
Ra3 21. Qd2 Nd4 22. Bxd7 Qxd7 23. Ne2 Bg5 24. Nxg5 Nxe2+ 25. Rxe2 hxg5 26.
 Qxg5 Rf4 27. h3 Qa4 28. g3 Rxc4 29. Qe7+ Kg8 30. h4 Ra1 31. Ree1 Rxb1 32.
 Rxb1 Rc3 33. Qf6 Qe8 34. Ra1 Kh7 35. b5 Qg8 36. b6 Qxd5 37. Qe7+ Kh6 38. 
bxc7 Rxg3+ 39. fxg3 Qc5+ 40. Kg2 Qc2+ 41. Kg1 Qc5+ 42. Kf1 Qd4 43. Qf8+ 
1-0

[Event "Summer Series, S50321"]
[Site "CCLA"]
[Date "2015.07.25"]
[Round "?"]
[White "Graupera, Carlos"]
[Black "Wright, John"]
[Result "0-1"]
[WhiteElo "1466"]
[BlackElo "1642"]

1. d4 Nf6 2. Nf3 g6 3. c4 Bg7 4. Nc3 O-O 5. e4 d6 6. Be2 e5 7. O-O Nc6 8. 
d5 Ne7 9. b4 Nh5 10. Re1 f5 11. Ng5 Nf6 12. Bf3 fxe4 13. Ngxe4 Nxe4 14. 
Nxe4 Nf5 15. Bb2 a5 16. a3 b6 17. c5 Nd4 18. Bxd4 exd4 19. Qd2 dxc5 20. 
bxc5 bxc5 21. Nxc5 Rxf3 22. gxf3 Qxd5 23. Ne4 Bb7 24. Rac1 Rc8 25. Rc5 Qf7
26. Qd3 a4 27. Rec1 Qf4 28. Ra5 Qxc1+ 29. Kg2 Bxe4 0-1

[Event "Premier Quad, S50269"]
[Site "CCLA"]
[Date "2015.06.15"]
[Round "?"]
[White "Disque, Philip"]
[Black "Wright, John"]
[Result "1/2-1/2"]
[WhiteElo "1603"]
[BlackElo "1600"]

1. Nf3 Nf6 2. c4 g6 3. Nc3 Bg7 4. e4 d6 5. d4 O-O 6. Be2 e5 7. O-O Nc6 8. 
d5 Ne7 9. b4 Nh5 10. Re1 f5 11. Ng5 Nf6 12. f3 Kh8 13. Ne6 Bxe6 14. dxe6 
Nh5 15. c5 Nf4 16. Bc4 fxe4 17. fxe4 Nc6 18. Rb1 Nd4 19. Bxf4 Rxf4 20. 
cxd6 cxd6 21. Bd5 Qe7 22. Qd3 Nxe6 23. g3 Rff8 24. Ne2 Rab8 25. Rf1 Nc7 
26. Rxf8+ Qxf8 27. Rf1 Bf6 28. Nc3 Qe7 29. Bc4 Rf8 30. Nd5 Qd8 31. Nxc7 
Qxc7 32. Bd5 Qb6+ 33. Kg2 Qxb4 34. Rb1 Qc5 35. Rxb7 Bg5 36. Rf7 Rb8 37. 
Rf2 Be3 38. Rc2 Qd4 1/2-1/2

[Event "2015 Server Team Ch - Div 1, S51999"]
[Site "CCLA"]
[Date "2015.10.30"]
[Round "?"]
[White "Glanville, Colin M."]
[Black "Elburg, John"]
[Result "0-1"]
[WhiteElo "2051"]
[BlackElo "2300"]
[Board "4"]
[WhiteTeam "BCCA Rooks"]
[BlackTeam "SchemingMind A"]

1. d4 Nf6 2. c4 g6 3. Nc3 Bg7 4. e4 d6 5. Nf3 O-O 6. Be2 e5 7. O-O Nc6 8. 
d5 Ne7 9. b4 Nh5 10. Re1 f5 11. Ng5 Nf6 12. f3 Kh8 13. Rb1 h6 14. Nh3 fxe4
15. fxe4 Bxh3 16. gxh3 g5 17. Rf1 Ng6 18. Bg4 Nxg4 19. Rxf8+ Bxf8 20. hxg4
Nf4 21. Be3 Qd7 22. Qf3 Be7 23. Rf1 a5 24. b5 Rf8 25. Qd1 h5 26. Kh1 Qxg4 
27. Qxg4 hxg4 28. Nd1 Kg7 29. Bd2 b6 30. Ne3 Rh8 31. Nf5+ Kf7 32. Rg1 Nh3 
33. Rg2 g3 34. Nxg3 Rh4 35. Re2 Bf6 36. Bc1 Kg6 37. Bd2 Nf4 38. Re1 g4 39.
 Rg1 Rh3 40. Nf5 Ra3 41. Bxf4 exf4 42. Rxg4+ Kh5 43. Rxf4 Rxa2 44. Ng3+ 
Kg5 45. Rf5+ Kg6 46. Rf4 Be5 47. Rf8 a4 0-1